000 00813nam a2200241Ia 4500
003 GCL
008 140319s9999 xx 000 0 ara d
040 _aGCL /
_cGCL
082 0 4 _a792.9
_bد م
100 1 _aحسن عطية
245 1 0 _aمن مسرح امريكا اللاتينية: نحو نقد جديد ومسرح جديد فى امريكا اللاتينية /
_cحسن عطية
700 1 _aدى برسيل
700 1 _aدى تورو، الفونسو
700 1 _aدى تورو، فرناندو
700 1 _aنفين محمود عزيز
300 _a285
490 _a100 قصة
_v0
650 0 4 _aالفنون المسرحية
650 0 4 _aالتمثيل فى المسرح
650 0 4 _aالمسرح الامريكى
650 0 4 _aالمسرح - تاريخ ونقد
942 _2ddc
_cBK
999 _c46693
_d46693